Quizzes
Events
Quiz Creation
Community
Videos
Private Events
Remove Ads
Sign In
Join for FREE
Feedback
Dark Mode
Quiz Categories
Sports
Geography
Music
Movies
Television
Just For Fun
Miscellaneous
History
Literature
Language
Science
Gaming
Entertainment
Religion
Holiday
For Kids
Quiz Lab
Recent
Popular Today
Quiz Kudos Today
Editor Picks
Curator Picks
Quizzes by...
Day
Popularity
Type
Ratings
Length
Year
Community
Subscriptions
Recent Discussions
Orange Saloon
Badges
Playlists
Quests
Create
Leaderboards
Showdown
Live 5
Trivia Bingo
Activity
Puzzle Library
Sporcle Events
Private Events
Virtual Trivia
Globe League
Become a Host
Pub Owners
SporcleCon
Opinionation
Our Games
Videos
Blog
Mobile Apps
Partnerships
Remove Ads and Go Orange
Feedback
Sports
Athletes
MLB
NBA
NHL
NFL
Soccer
Sports Teams
WWE
NCAA
Football
Premier League
Basketball
Baseball
Hockey
Golf
Tennis
Cricket
Rugby
Auto Racing
Olympics
World Cup
Sports
Athletes
MLB
NBA
NHL
NFL
Soccer
Sports Teams
WWE
NCAA
Football
Premier League
Basketball
Baseball
Hockey
Golf
Tennis
Cricket
Rugby
Auto Racing
Olympics
World Cup
Random Quiz
Search Sporcle
×
Quiz Lab
Quiz Lab
Sports
WWE
Type in answers that appear in a list
Type in answers that appear in a list
Classic
Best Score? Go Orange.
Bound for Glory Opponents Stats
Can you name the Bound for Glory opponents of these TNA stars?
By
antagonjst
10m
297 Questions
298 Plays
298 Plays
298 Plays
Comments
Comments
Give Quiz Kudos
Give Quiz Kudos
-
- Ratings
hide this ad
Replay
Link that replays current quiz
Next Quiz
Link to next quiz in quiz playlist
You Got
0%
They Got
Avg Score
72%
Avg Friend Score
Upgrade to see
Score Distribution
Jump to the score distribution portion of the page
Score
0/297
Timer
10:00
0
Plays Today
Wrestler
Opponent
% Correct
Sting
Samoa Joe
95.3%
Sting
Samoa Joe
95.3%
Jeff Hardy
Samoa Joe
95.3%
Austin Aries
Samoa Joe
95.3%
Christian Cage
Samoa Joe
95.3%
Abyss
Samoa Joe
95.3%
Bobby Lashley
Samoa Joe
95.3%
Chris Sabin
Samoa Joe
95.3%
Raven
Samoa Joe
95.3%
Sting
Jeff Jarrett
94.3%
Sting
Jeff Jarrett
94.3%
Kurt Angle
Jeff Jarrett
94.3%
AJ Styles
Christopher Daniels
94%
AJ Styles
Christopher Daniels
94%
AJ Styles
Christopher Daniels
94%
Kurt Angle
Jeff Hardy
94%
Kurt Angle
Christopher Daniels
94%
Samoa Joe
Jeff Hardy
94%
Austin Aries
Jeff Hardy
94%
Austin Aries
Jeff Hardy
94%
Abyss
Jeff Hardy
94%
Mr. Anderson
Jeff Hardy
94%
Chris Sabin
Daniels
94%
Chris Sabin
Jeff Hardy
94%
Frankie Kazarian
Daniels
94%
Kurt Angle
Bobby Roode
93.6%
Kurt Angle
Bobby Roode
93.6%
Jeff Hardy
Abyss
93.6%
Samoa Joe
Abyss
93.6%
Rob Van Dam
Abyss
93.6%
James Storm
Brother Ray
93.6%
James Storm
Abyss
93.6%
James Storm
Brother Ray
93.6%
James Storm
Brother Ray
93.6%
James Storm
Bobby Roode
93.6%
Bobby Roode
Abyss
93.6%
Bobby Roode
Brother Ray
93.6%
Bobby Roode
Brother Ray
93.6%
Abyss
Brother Ray
93.6%
Abyss
Robert Roode
93.6%
Abyss
Bully Ray
93.6%
Bully Ray
Abyss
93.6%
Bully Ray
Robert Roode
93.6%
Bully Ray
Robert Roode
93.6%
Bully Ray
Abyss
93.6%
Bobby Lashley
Bobby Roode
93.6%
Eric Young
Robert Roode
93.6%
Raven
Abyss
93.6%
Raven
Abyss
93.6%
Raven
Robert Roode
93.6%
AJ Styles
Sting
93.3%
Sting
Kurt Angle
93.3%
Kurt Angle
Sting
93.3%
Jeff Hardy
Kurt Angle
93.3%
Samoa Joe
Sting
93.3%
Samoa Joe
Sting
93.3%
Bobby Roode
Kurt Angle
93.3%
Bobby Roode
James Storm
93.3%
Bobby Roode
Kurt Angle
93.3%
Abyss
James Storm
93.3%
Bully Ray
James Storm
93.3%
Bully Ray
James Storm
93.3%
Bully Ray
James Storm
93.3%
Jeff Jarrett
Sting
93.3%
Jeff Jarrett
Kurt Angle
93.3%
Jeff Jarrett
Sting
93.3%
Christopher Daniels
Kurt Angle
93.3%
Eric Young
Kurt Angle
93.3%
Mr. Anderson
Kurt Angle
93.3%
Raven
James Storm
93.3%
Frankie Kazarian
Kurt Angle
93.3%
AJ Styles
Bully Ray
93%
Mr. Anderson
Bully Ray
93%
Ethan Carter III
Matt Hardy
93%
AJ Styles
Frankie Kazarian
91.3%
Kurt Angle
Frankie Kazarian
91.3%
Jeff Hardy
Austin Aries
91.3%
Jeff Hardy
Austin Aries
91.3%
Jeff Hardy
Chris Sabin
91.3%
Samoa Joe
Austin Aries
91.3%
Samoa Joe
Chris Sabin
91.3%
Austin Aries
Chris Sabin
91.3%
Christopher Daniels
Chris Sabin
91.3%
Christopher Daniels
Suicide
91.3%
Chris Sabin
Suicide
91.3%
Chris Sabin
Austin Aries
91.3%
Raven
Kazarian
91.3%
Frankie Kazarian
Austin Starr
91.3%
Frankie Kazarian
Chris Sabin
91.3%
AJ Styles
Raven
89.9%
James Storm
Raven
89.9%
Bobby Roode
Raven
89.9%
Frankie Kazarian
Raven
89.9%
Samoa Joe
Raven
89.6%
Abyss
Raven
89.6%
Abyss
Raven
89.6%
Kurt Angle
Mr. Anderson
89.3%
Jeff Hardy
Mr. Anderson
89.3%
Bully Ray
Mr. Anderson
89.3%
Wrestler
Opponent
% Correct
Matt Hardy
Ethan Carter III
88.9%
Sting
AJ Styles
87.9%
Christian Cage
AJ Styles
87.9%
Bully Ray
AJ Styles
87.9%
Christopher Daniels
AJ Styles
87.9%
Christopher Daniels
AJ Styles
87.9%
Christopher Daniels
AJ Styles
87.9%
Raven
AJ Styles
87.9%
Frankie Kazarian
AJ Styles
87.9%
James Storm
Kip James
87.2%
Bully Ray
Kip James
87.2%
Samoa Joe
Low Ki
86.9%
Chris Sabin
Senshi
86.9%
Kurt Angle
Eric Young
86.6%
James Storm
Eric Young
86.6%
Bobby Roode
Eric Young
86.6%
Chris Sabin
Eric Young
86.6%
Frankie Kazarian
Eric Young
86.6%
James Storm
Brother Devon
85.9%
James Storm
Brother Devon
85.9%
James Storm
Brother Devon
85.9%
Bobby Roode
Brother Devon
85.9%
Bobby Roode
Brother Devon
85.9%
Abyss
Brother Devon
85.9%
Abyss
Devon
85.9%
AJ Styles
Christian Cage
85.2%
Samoa Joe
Christian Cage
85.2%
James Storm
BG James
85.2%
Bobby Roode
BG James
85.2%
Bully Ray
BG James
85.2%
Eric Young
BG James
85.2%
Velvet Sky
Mickie James
84.6%
Abyss
Rob Van Dam
82.6%
Mickie James
Velvet Sky
82.2%
Samoa Joe
Bobby Lashley
80.5%
Bobby Roode
Bobby Lashley
80.5%
AJ Styles
Rhino
77.2%
James Storm
Rhino
77.2%
Bobby Roode
Rhino
77.2%
Frankie Kazarian
Rhino
77.2%
AJ Styles
Rhino
76.8%
Jeff Hardy
Rhino
76.8%
Jeff Hardy
Rhino
76.8%
Samoa Joe
Rhino
76.8%
Christian Cage
Rhino
76.8%
Abyss
Rhino
76.8%
Abyss
Rhino
76.8%
Abyss
Rhino
76.8%
Jeff Jarrett
Rhino
76.8%
Velvet Sky
Rhino
76.8%
Raven
Rhino
76.8%
AJ Styles
Hernandez
75.2%
James Storm
Hernandez
75.2%
Bobby Roode
Hernandez
75.2%
Abyss
Hernandez
75.2%
Bully Ray
Hernandez
75.2%
Christopher Daniels
Hernandez
75.2%
Velvet Sky
Gail Kim
74.2%
Sting
Magnus
73.5%
AJ Styles
Booker T
73.2%
James Storm
Booker T
73.2%
Bobby Roode
Booker T
73.2%
Christian Cage
Booker T
73.2%
Bully Ray
Booker T
73.2%
AJ Styles
Homicide
72.8%
Samoa Joe
Kevin Nash
72.8%
Samoa Joe
Magnus
72.8%
James Storm
Homicide
72.8%
James Storm
Brutus Magnus
72.8%
Bobby Roode
Homicide
72.8%
Bobby Roode
Brutus Magnus
72.8%
Abyss
Homicide
72.8%
Bully Ray
Homicide
72.8%
Bully Ray
Brutus Magnus
72.8%
Jeff Jarrett
Kevin Nash
72.8%
Christopher Daniels
Homicide
72.8%
Christopher Daniels
Alex Shelley
72.8%
Eric Young
Kevin Nash
72.8%
Chris Sabin
Alex Shelley
72.8%
Frankie Kazarian
Alex Shelley
72.8%
AJ Styles
Hernandez
71.1%
Kurt Angle
Hernandez
71.1%
Christopher Daniels
Hernandez
71.1%
Eric Young
Hernandez
71.1%
Frankie Kazarian
Hernandez
71.1%
Gail Kim
Awesome Kong
69.8%
Ethan Carter III
Drew Galloway
69.5%
Matt Hardy
Drew Galloway
69.5%
Bully Ray
Chris Harris
68.8%
Velvet Sky
Angelina Love
68.8%
Christopher Daniels
Homicide
67.8%
Chris Sabin
Homicide
67.8%
Frankie Kazarian
Homicide
67.8%
James Storm
Scott Steiner
67.4%
Bobby Roode
Scott Steiner
67.4%
Bully Ray
Scott Steiner
67.4%
Bully Ray
Scott Steiner
67.4%
Bully Ray
Rick Steiner
65.8%
AJ Styles
Sabu
64.4%
Wrestler
Opponent
% Correct
James Storm
Sabu
64.4%
Bobby Roode
Ron Killings
64.4%
Bobby Roode
Sabu
64.4%
Eric Young
Ron Killings
64.4%
Frankie Kazarian
Sabu
64.4%
AJ Styles
Ron Killings
64.1%
Jeff Hardy
Sabu
64.1%
Abyss
Sabu
64.1%
Kurt Angle
Matt Morgan
63.8%
Samoa Joe
Matt Morgan
63.8%
James Storm
Matt Morgan
63.8%
Bobby Roode
Matt Morgan
63.8%
Bully Ray
Matt Morgan
63.8%
Raven
Matt Morgan
63.8%
AJ Styles
Tommy Dreamer
63.4%
James Storm
Tommy Dreamer
63.4%
Bobby Roode
Tommy Dreamer
63.4%
Frankie Kazarian
Tommy Dreamer
63.4%
Bully Ray
Tommy Dreamer
63.1%
Austin Aries
Jay Lethal
62.4%
Christopher Daniels
Jay Lethal
62.4%
Christopher Daniels
Jay Lethal
62.4%
Eric Young
Jay Lethal
62.4%
Chris Sabin
Jay Lethal
62.4%
James Storm
Doug Williams
62.1%
Bobby Roode
Doug Williams
62.1%
Bully Ray
Doug Williams
62.1%
Sting
Hulk Hogan
60.4%
Chris Sabin
Petey Williams
60.4%
Abyss
Mick Foley
60.1%
Samoa Joe
Brother Runt
57.7%
Abyss
Brother Runt
57.7%
Raven
Brother Runt
57.7%
AJ Styles
Stevie Richards
55.4%
James Storm
Stevie Richards
55.4%
Bobby Roode
Stevie Richards
55.4%
Frankie Kazarian
Stevie Richards
55.4%
AJ Styles
Chavo Guerrero
50%
Kurt Angle
Chavo Guerrero
50%
Christopher Daniels
Chavo Guerrero
50%
Velvet Sky
Tara
50%
Frankie Kazarian
Chavo Guerrero
50%
Rob Van Dam
Jerry Lynn
49.3%
Mickie James
Madison Rayne
49%
Velvet Sky
Madison Rayne
49%
Velvet Sky
Madison Rayne
49%
Gail Kim
ODB
48%
Velvet Sky
ODB
48%
Jeff Hardy
Manik
47.7%
Samoa Joe
Manik
47.7%
Austin Aries
Manik
47.7%
Chris Sabin
Manik
47.7%
Bobby Roode
Konnan
46.6%
Eric Young
Konnan
46.6%
AJ Styles
Consequences Creed
45.6%
Sting
DOC
45.3%
Bully Ray
DOC
45.3%
Rob Van Dam
Zema Ion
43%
Samoa Joe
D'Angelo Dinero
42.3%
Jeff Jarrett
D'Angelo Dinero
42.3%
James Storm
Andy Douglas
40.6%
James Storm
Andy Douglas
40.6%
Bully Ray
Andy Douglas
40.6%
Abyss
Tyrus
40.3%
Mr. Anderson
Tyrus
40.3%
Sting
Knux
39.6%
Bully Ray
Knux
39.6%
Samoa Joe
Crimson
39.3%
James Storm
Chase Stevens
36.9%
James Storm
Chase Stevens
36.9%
James Storm
Robbie E
36.9%
Bully Ray
Chase Stevens
36.9%
Austin Aries
Brian Kendrick
35.2%
Christopher Daniels
Amazing Red
35.2%
Chris Sabin
Amazing Red
35.2%
Frankie Kazarian
Amazing Red
35.2%
Gail Kim
Brooke Tessmacher
34.9%
Mickie James
Winter
34.6%
Velvet Sky
Winter
34.6%
Abyss
Black Reign
33.2%
Raven
Black Reign
33.2%
Samoa Joe
Jushin Liger
31.9%
James Storm
The Great Muta
30.2%
James Storm
Jessie Godderz
29.5%
James Storm
TAJIRI
28.5%
Velvet Sky
Taylor Wilde
28.5%
Chris Sabin
Jeremy Buck
28.2%
Chris Sabin
Max Buck
28.2%
Velvet Sky
Sarita
22.5%
Velvet Sky
Havok
20.1%
Ethan Carter III
Norv Fernum
19.1%
Eric Young
Shannon Moore
18.5%
Chris Sabin
Matt Bentley
16.8%
Eric Young
Jesse Neal
15.1%
Velvet Sky
Rhaka Khan
15.1%
Eric Young
Larry Zbyszko
14.8%
Gail Kim
Roxxi Laveaux
13.8%
Ethan Carter III
Ryota Hama
12.4%
Samoa Joe
Kaz Hayashi
11.7%
Quiz Playlist
Details
Report
Send in Message
Add To Playlist
Classic:
Type in answers that appear in a list
Last Updated: May 24, 2017
Quiz Scoreboard
CHALLENGE
Sign Up to Join the Scoreboard
Show All
Scores
Hide
Comments
May contain spoilers
Recently Published
One Thing in Common: World Cities II
by knightlancer
Geography
7m
Popular People in 1961
by mucciniale
History
6m
1-10 Letter E Words III
by El_Dandy
Language
2m
More to Explore
Quiz From the Vault
Featured Blog Post
Where Did the Easter Bunny Come From?
hide this ad
You Might Also Like...
Tags
WWE Quiz
bfg
impact
PPV
PPV Opponents
Pro Wrestling
tna
TNA Wrestlers
TNA Wrestling
Wrestling
Wrestling Champions
Today's Top Quizzes in Sports
Browse Sports
hide this ad
Today's Top Quizzes in WWE
Browse WWE
Top Contributed Quizzes in Sports
1
Les meilleurs buteurs des matchs entre le PSG et l’OM
2
Les entraîneurs de l'OM et du PSG au 21e siècle
3
2022 World Cup Stars
4
FIFA Club World Cup Champions
5
Name the Premier League winners with different clubs
6
La finale Lions - Afrique du Sud 2021
7
Criteria MLB: Left Handed Sluggers
8
Players with Multiple 50 Home Run Seasons
9
MLB Players with Two .350 Batting Average Seasons
10
MLB Hall of Famer by Rings
Explore More
Trending Topics
NBA
Harry Potter
Disney
Anime
Kpop
Marvel
Crossword
The Office
NFL
Soccer
Puzzle
Pokémon
Song
WWE
Country
hide this ad
More By:
antagonjst
Quiz
Plays
Rating
Category
Featured
Created
4.5+ Star WWE Matches, Part 1
25,269
4.77
Sports
Jul 3, 2016
Pro Wrestling Flagship PPV Main Events
8,061
5.00
Sports
Sep 11, 2016
Ultimate WWE Accomplishment Quiz
7,483
4.97
Sports
Aug 1, 2016
4.5+ Star WWE Matches, Part 2
5,455
5.00
Sports
Mar 4, 2018
10 Years of WWE Championship Defences
5,442
4.75
Sports
Aug 2, 2016
Go to Creator's Profile
Score Distribution
Quiz Creator Spotlight
antagonjst
Follow
Send a Message
Quizzes Created
-
Created Quiz Play Count
-
More By This Creator
Popular Quizzes Today
1
Find the US States - No Outlines Minefield
2
The Countries of the World
3
Popular People in 1961
4
Find the Countries of Europe - No Outlines Minefield
5
1-10 Letter E Words III
6
Find the US States
7
One Thing in Common: World Cities II
8
US States
More Sports Quizzes
Big 4 Sports Venue Types
Editor's Pick
Trending Quizzes
1-10 Letter F Words
1-10 Letter G Words
Risky Map Clicking: Next State Alphabetically
1-10 Letter F Words II
Risky Map Clicking: States by Unique Starting Letters
Recently Updated
Leaping Animals
pecheneg
Reality TV Shows (A-Z)
bhenderson79
Rickey Henderson's Hall of Fame Teammates
pecheneg
Champions League XIs: Arsenal
pecheneg
Quick Pick: Celebrities in WWE's Hall of Fame
aduchscher
A-Z Keypad Blitz II
pecheneg
Multiple Oscar Actors
pecheneg
Mystery Phrase Blitz: Oscar 'Best Actors'
pecheneg
F. Scott Fitzgerald Novels
LTH
Pick 3 Villains
ddd62291
Trending Topics
Crossword
Anime
Marvel
Disney
Kpop
NBA
Harry Potter
Song
Puzzle
Country
The Office
Soccer
NFL
Pokémon
WWE
Your Account Isn't Verified!
In order to create a playlist on Sporcle, you need to verify the email address you used during registration. Go to your
Sporcle Settings
to finish the process.
Report this User
Report this user for behavior that violates our
Community Guidelines
.
Details:
Send Report
Go to the Sporcle.com Mobile Site →
Comments